| 000 | 00509nam a2200169Ia 4500 | ||
|---|---|---|---|
| 999 |
_c20192 _d20192 |
||
| 003 | OSt | ||
| 005 | 20211120104236.0 | ||
| 008 | 190216s9999||||xx |||||||||||||| ||und|| | ||
| 040 | _coclc | ||
| 082 |
_a910 _bISS/K |
||
| 100 |
_aIssac, Thomas _98919 |
||
| 245 | 0 |
_aKeralam : _bMannum Manushyanum / _cThomas Issac |
|
| 260 |
_bKerala Sasthra Sahithya Parishad, _c1987. _aThrissur: |
||
| 300 | _a195p | ||
| 650 | _aKerala History-Kerala History | ||
| 942 |
_cBK _2ddc _h910 _iISS/K _k910 _mISS/K |
||